Languages of Austria Quiz - Statistics

General Stats
  • This quiz has been taken 110 times
  • The average score is 13 of 16
Answer Stats
Hint Answer % Correct
7,115,780 German
98%
10,742 Italian
94%
10,190 French
88%
10,234 Slovak
84%
40,583 Hungarian
83%
24,855 Slovene
81%
58,582 English
80%
19,412 Burgenland Croatian
79%
131,307 Croatian
79%
30,598 Polish
79%
177,320 Serbian
79%
17,742 Czech
78%
6,273 Romani
76%
183,445 Turkish
72%
34,857 Bosnian
60%
28,212 Albanian
52%
No matching quizzes found
Score Distribution
Percent of People with Each Score
Percentile by Number Answered
Your Score History
You have not taken this quiz